Postoje verejnosti k cudzincom a zahraničnej migrácii v Slovenskej republike
Salvato in:
| Autore principale: | |
|---|---|
| Natura: | Libro |
| Lingua: | slovacco |
| Pubblicazione: |
Bratislava
IOM Medzinárodná organizácia pre migráciu
2009
|
| Soggetti: | |
| Tags: |
Nessun Tag, puoi essere il primo ad aggiungerne!!
|
MARC
| LEADER | 00000nam$a2200000$$$4500 | ||
|---|---|---|---|
| 001 | 0113542 | ||
| 005 | 20230228123305.6 | ||
| 020 | |a 978-80-970307-0-4 | ||
| 041 | 0 | |a slo | |
| 044 | |a SK | ||
| 245 | 1 | 0 | |a Postoje verejnosti k cudzincom a zahraničnej migrácii v Slovenskej republike |c Michal Vašečka |
| 264 | 1 | |a Bratislava |b IOM Medzinárodná organizácia pre migráciu |c 2009 | |
| 300 | |a 139 s. | ||
| 610 | 2 | 0 | |a migrácia |
| 610 | 2 | 0 | |a postoje |
| 610 | 2 | 0 | |a cudzinci |
| 610 | 2 | 0 | |a Slovensko |
| 610 | 2 | 0 | |a integrácia sociálna |
| 100 | 1 | |a Vašečka, Michal | |